Statistics for Jeopardy #8517

Click here to take the quiz!

General Stats

  • This quiz has been taken 27 times
  • The average score is 11 of 57

Answer Stats

CategoryCashClueAnswer% Correct
'38$400In 1938 DuPont chemist Roy Plunkett accidentally discovered this, now used as a coating for nonstick cookwareTeflon
87%
'38$200The 1938 Fair Labor Standards Act banned oppressive child labor, set the work week at 44 hours & established this, at 25 cents an hourminimum wage
73%
CALL THE FOOTBALL PLAY$200After a last-second win over Buffalo with this prayerful play in 2020, Kyler Murray said it was the first he had ever trieda Hail Mary
67%
BLUE$800Lake Tana in Ethiopia is the source of this colorful riverthe Blue Nile
67%
'38$600On October 31, 1938 the New York Times reported, "Radio listeners in panic" after a broadcast of this H.G. Wells storyThe War of the Worlds
67%
BLUE$400Until 1969 Project Blue Book investigated these phenomena; of the 12,618 sightings, only 701 have not been identifiedUFOs
67%
BLUE$600The Belgian artist known as Peyo created these blue beingsthe Smurfs
60%
HUT, HUT$200You need 3 A's to spell this type of hut at beach resorts & poolsa cabana
53%
BLUE$200A Mother Goose nursery rhyme says, "Little Boy Blue, come" do thisblow your horn
53%
HUT, HUT$1000In the foreground a Mongol horseman, in the back, this 4-letter type of huta yurt
47%
CALL THE FOOTBALL PLAY$800Though the play was designed for Freddie Solomon, the 49ers' Dwight Clark made "The Catch" on Jan. 10, 1982 on a pass by this quarterbackJoe Montana
40%
CALL THE FOOTBALL PLAY$600Franco Harris' "Immaculate Reception" of a deflected pass from Terry Bradshaw won a 1972 playoff game for this teamthe Steelers
33%
BOOK TITLE MATH$1200Original "Space Odyssey" plus original "Shades of Grey"2,051
27%
LEFT MOTION$600In chess, the one time the king can move 2 squares is doing this; kingside is 2 squares left for the black kingcastling
27%
'38$1000German name for the night of Nov. 9, when Jews & their property were attacked across GermanyKristallnacht
27%
LEFT MOTION$200Men, start this double- or triple-talk dance with a step to the left; a pre-fame Bruce Lee was a champion at it in Hong Kongthe cha-cha
27%
HUT, HUT$800These nomadic people of Kenya & Tanzania live in a kraal, a grouping of hutsthe Maasai
27%
IN A PREVIOUS LIFE$800Around 1680 I was one of the last of this flightless bird; to add insult to injury, Dutch explorers called our meat repulsivea dodo
20%
HUT, HUT$600Here's Seaman's Hut, used as an emergency shelter in this country's Kosciuszko National ParkAustralia
20%
OMAHA$800In 1913 this future president was born in Omaha as Leslie King Jr.Gerald Ford
20%
LEFT MOTION$1000At the Battle of Chancellorsville, he swung left to crush the Union right, but was mortally wounded by friendly fireJackson
20%
CALL THE FOOTBALL PLAY$400"Do we have time to run Wasp?" asked this Chiefs QB in Super Bowl 54; he did, & hit Tyreek Hill for a game-changing 44 yards(Patrick) Mahomes
20%
'38$800This organization was founded in 1938 to find a cure for infantile paralysis, also called poliothe March of Dimes
20%
HUT, HUT$400With a low entry making an enemy stoop awkwardly, the iQukwane hut is said to have the shape of this insect structurea beehive
13%
IN A PREVIOUS LIFE$400I was pretty happy when I took off that bell hat after a long day amusing the king as a court one of thesea (court) jester
13%
LEFT MOTION$800Bugs Bunny's line about wishing he'd toined left at this city may be based on a real turn there that would keep you on Route 66Albuquerque
13%
BROADWAY IS BACK$1600"American Utopia" features songs from this man's days in Talking Heads & from his solo career(David) Byrne
13%
OMAHA$600Omaha is the seat of this county, named for Illinois senator Stephen, who sponsored the Kansas-Nebraska ActDouglas
13%
THE BODY HUMAN$800The ciliary muscle changes the curvature of this eye part that determines how near or far we can seethe lens
13%
CALL THE FOOTBALL PLAY$1000In the 2007 Fiesta Bowl, Boise State's huddled masses used this 3-word trick play featuring a behind-the-back handoff for the winthe Statue of Liberty
13%
BOOK TITLE MATH$1600Khaled Hosseini's "Splendid Suns" divided by John Reed's "Days That Shook the World"100
7%
BLUE$1000Coral reefs are home to the blue fish known by this 4-letter namea tang
7%
BROADWAY IS BACK$1200The musical "Six" features a modern take on Henry VIII's 6 wives, including this first wife who was born in SpainCatherine of Aragon
7%
BROADWAY IS BACK$2000This musical brought its razzle-dazzle back to Broadway in 2021, just in time for the 25th anniversary of its revivalChicago
7%
OMAHA$1000In 1917 this priest rented a boarding house in Omaha to care for 5 neglected boys; later, he bought a farm & it became Boys TownFather Flanagan
7%
LEFT MOTION$400Aren't you glad you brought a friend along? Now you can swing left into this type of highway lane marked with diamondsHOV
7%
IN A PREVIOUS LIFE$1200I was one of the iron smithing experts of this biblical people & was really rooting for my compatriot Goliaththe Philistines
7%
THE BODY HUMAN$2000This gland under the brain in a structure called the sella turcica produces luteinizing hormone to regulate the gonadsthe pituitary
7%
BROADWAY IS BACK$800Kristin Chenoweth welcomed the audience at the reopening of "Wicked" with these 5 words, a line from "The Wizard of Oz"There\'s no place like home
7%
BOOK TITLE MATH$400Joseph Heller hell plus Jules Verne sea distance20,022
0%
BOOK TITLE MATH$2000Harrer's Himalayan hiatus times Hawthorne's house parts49
0%
BOOK TITLE MATH$8001956's "Dalmatians" minus 2003's "People You Meet in Heaven"96
0%
IN A PREVIOUS LIFE$1600400 million years ago, I was this type of creature named for its breathing organs; here's a picture of my brothera lung fish
0%
BUSINESS HISTORY$1200This pair's first computer venture, Traf-O-Data for the Washington Roads Department, helped them launch a bigger company soon afterBill Gates & Paul Allen
0%
TESTING YOUR "ESP"$2000Owl butterflies get their name from these large markings on their wingseyespots
0%
BUSINESS HISTORY$2000In 1667 Londoner Nicholas Barbon set up the first office for this type of insurancefire insurance
0%
IN A PREVIOUS LIFE$2000I was one of these slaves in Sparta; every year, war was officially declared on us so a well-born Spartan could always kill mehelots
0%
BROADWAY IS BACK$400As Broadway reopened in 2021, he returned to the role of Atticus Finch in "To Kill a Mockingbird"Jeff Daniels
0%
OMAHA$200Late publisher of the Omaha World-Herald Henry Doorly gave his name to this, the state's No. 1 attractionOmaha\'s Zoo
0%
WORLD CAPITALSN/AAn annual event called Winterlude includes skating on the Rideau Canal, a UNESCO world heritage site in this cityOttawa, Canada
0%
BUSINESS HISTORY$800This cookie company was founded in 1937 by a Connecticut woman & named for her family's country homePepperidge Farm
0%
BUSINESS HISTORY$1600In 2020 the Justice Dept. wound up its case against this Sackler Family opioid maker, which agreed to pay $8 billion in penaltiesPurdue (Pharma)
0%
TESTING YOUR "ESP"$1200Job of Jen Psaki, seen herespokesperson
0%
THE BODY HUMAN$1600The second cervical vertebra is called this because it forms a pivot point, allowing the head to shake "no"the axis
0%
OMAHA$400Omaha is on the west bank of this river opposite Council Bluffs, Iowathe Missouri River
0%
THE BODY HUMAN$1200When it comes to your heart, MVP stands for this valve prolapse, in which the valve flaps bulge rather than close smoothlythe mitral valve
0%
TESTING YOUR "ESP"$1600Lending his name to the profession, this ancient Greek is considered the first actorThespis
0%

Score Distribution

Percentile by Number Answered

Percent of People with Each Score

Your Score History

You have not taken this quiz